[Event "Arco di Trento op2"]
[Site "Arco di Trento"]
[Date "1997.??.??"]
[Round "2"]
[White "Sulava, Nenad"]
[Black "Dalponte, Dino"]
[Result "1-0"]
[WhiteElo "2380"]
[BlackElo "2195"]

1.Nf3 d5 2.d4 c6 3.c4 dxc4 4.e4 Bg4 5.Bxc4 Bxf3 6.Qxf3 e6 7.Be3 Bb4+ 8.Nc3 Nf6
9.O-O O-O 10.Rad1 Qa5 11.e5 Nd5 12.Ne4 Be7 13.Qg4 Kh8 14.Bg5 Qd8 15.Rd3 f5
16.exf6 gxf6 17.Rh3 Qe8 18.Bh6 Qf7 19.Bxf8 Bxf8 20.Bd3 f5 21.Ng5 Qg8 22.Qh5 Nf6
23.Nf7+ Kg7 24.Rg3+ Ng4 25.Nh6  1-0

[Event "EU-ch Rapid (Women)"]
[Site "Athens"]
[Date "1997.??.??"]
[Round "3"]
[White "Schroecker, Maria Luise"]
[Black "Micic, Snezana"]
[Result "1-0"]
[WhiteElo "2130"]
[BlackElo "2210"]

1.d4 d5 2.c4 c6 3.Nf3 Nf6 4.g3 Bf5 5.Nc3 e6 6.Bg2 Nbd7 7.O-O h6 8.Re1 Ne4
9.Nh4 Bh7 10.Qb3 Qb6 11.Nxe4 dxe4 12.Bh3 Qxb3 13.axb3 f5 14.Ng2 g5 15.Ne3 Bg7
16.Nc2 O-O 17.e3 a6 18.Bd2 Rf7 19.Bc3 Re8 20.Rad1 Bg6 21.Bg2 e5 22.b4 f4
23.dxe5 fxg3 24.fxg3 Nxe5 25.Bxe5 Bxe5 26.Nd4 Bh5 27.Rd2 Bf3 28.b3 Rf6 29.c5 Rd8
30.Nxf3 Rxd2 31.Nxd2  1-0

[Event "EU-ch Rapid (Women)"]
[Site "Athens"]
[Date "1997.??.??"]
[Round "8"]
[White "Cuevas Rodriguez, Ma Luisa"]
[Black "Micic, Snezana"]
[Result "1/2-1/2"]
[WhiteElo "2210"]
[BlackElo "2210"]

1.d4 d5 2.c4 c6 3.Nf3 Nf6 4.Nbd2 Bf5 5.g3 e6 6.Bg2 Nbd7 7.O-O h6 8.b3 Ne4
9.Bb2 Bd6 10.Nh4 Bh7 11.Nxe4 dxe4 12.d5 Be5 13.Bxe5 Nxe5 14.Qd4 Qf6 15.Bxe4 g5
16.Bxh7 gxh4 17.Qf4 Qxf4 18.gxf4 Rxh7 19.fxe5 cxd5 20.cxd5 exd5 21.Rfd1 Rg7+
22.Kf1 Ke7 23.Rac1 Rag8 24.e3 Rg2 25.Rc7+ Ke6 26.Rxb7 Rxh2 27.Rd4 Rh1+ 28.Ke2 Rc8
29.Rxa7 h3 30.Rh4 Kxe5 31.Rxf7 Rc2+ 32.Kf3  1/2-1/2

[Event "AUT-chT2O 9798"]
[Site "Austria"]
[Date "1997.??.??"]
[Round "4"]
[White "Pingitzer, Harald"]
[Black "Stummer, Walter"]
[Result "1-0"]
[WhiteElo "2345"]
[BlackElo "2135"]

1.Nf3 d5 2.d4 c6 3.c4 dxc4 4.e4 b5 5.a4 e6 6.axb5 cxb5 7.b3 Bb4+ 8.Bd2 Bxd2+
9.Nbxd2 Nc6 10.bxc4 Nxd4 11.Nxd4 Qxd4 12.cxb5 Nf6 13.Qa4 Qe5 14.b6+ Bd7 15.Qa5 Qd4
16.b7 Rb8 17.Qxa7 Qe5 18.Be2 O-O 19.O-O Bc6 20.Rab1 Qc7 21.Rfc1 Rxb7 22.Qc5 Rxb1
23.Nxb1 Rc8 24.Bb5 Qf4 25.Bxc6 Nxe4 26.Qe3  1-0

[Event "AUT-chT9697"]
[Site "Austria"]
[Date "1997.??.??"]
[Round "8"]
[White "Moser, Guenter"]
[Black "Herndl, Harald"]
[Result "1-0"]
[WhiteElo "2340"]
[BlackElo "2360"]

1.d4 d5 2.Nf3 Nf6 3.c4 c6 4.Nbd2 Bf5 5.g3 e6 6.Bg2 Nbd7 7.O-O Bd6 8.b3 O-O
9.Bb2 h6 10.h3 b5 11.Ne5 Rc8 12.c5 Be7 13.b4 Qc7 14.a4 a6 15.Ra3 Nxe5 16.dxe5 Nd7
17.Qa1 Rb8 18.a5 Bh7 19.e4 Rbd8 20.Re3 Rfe8 21.exd5 cxd5 22.Nb3 Nb8 23.Nd4 Nc6
24.Nxc6 Qxc6 25.Bd4 g5 26.Bf3 Bg6 27.Bg4 Kh7 28.Kh2 Rg8 29.Qd1 Qe8 30.Ree1 Rc8
31.f4 gxf4 32.Rxf4 Bg5 33.Rf2 Rg7 34.Rg1 Qe7 35.Be2 Rcg8 36.Bd3 Rf8 37.Rgf1 Kg8
38.Bxg6 Rxg6 39.Qh5 Qe8 40.h4 Be7 41.Rf4 Kg7 42.Qf3 Bd8 43.c6 f5 44.exf6+ Kf7
45.Qd3 h5 46.Be5 Qxc6 47.R1f2 Rfg8 48.Rc2 Qd7 49.Rc3 Rh8 50.Qc2 Rg4 51.Rxg4 hxg4
52.Qd1 Rg8 53.Qd4 Rg6 54.Qf4 Ke8 55.h5 Rg8 56.Rc6 Rf8 57.Rd6 Qc8 58.Qxg4 Bxf6
59.Rxe6+ Be7 60.Qg6+ Kd7 61.Bf4 d4 62.Rxa6 Qb7 63.Qe6+ Kd8 64.Rb6  1-0

[Event "AUT-chT9697"]
[Site "Austria"]
[Date "1997.??.??"]
[Round "9"]
[White "Stajcic, Nikola"]
[Black "Bawart, Markus"]
[Result "1-0"]
[WhiteElo "2315"]
[BlackElo "2255"]

1.d4 d5 2.Nf3 Nf6 3.c4 c6 4.Qc2 g6 5.cxd5 cxd5 6.Bf4 Nc6 7.Nc3 Bg7 8.e3 O-O
9.h3 Bf5 10.Qb3 Na5 11.Qa3 a6 12.Rc1 Rc8 13.b3 Ne4 14.Nxe4 dxe4 15.Nd2 Rxc1+
16.Qxc1 e5 17.dxe5 Qe7 18.g4 Rc8 19.Qb2 Bd7 20.Be2 Nc6 21.Nc4 b5 22.Nb6 Re8
23.Nd5 Qd8 24.Nf6+ Bxf6 25.exf6 Nb4 26.O-O Nd3 27.Bxd3 exd3 28.Qc3 Qa8 29.f3 g5
30.Qc5 Kh8 31.Qxg5 Rg8 32.Qe5 Be6 33.Bh6 Rg6 34.Bg7+ Kg8 35.Kf2 Qc8 36.Qd4 Qc2+
37.Kg3 Qc7+ 38.f4 h5 39.Rc1 Qb8 40.Rc5  1-0

[Event "Pfalz-chA"]
[Site "Bad Bergzabern"]
[Date "1997.??.??"]
[Round "?"]
[White "Lang, Torsten"]
[Black "Moeldner, Juergen"]
[Result "1/2-1/2"]
[WhiteElo "2165"]
[BlackElo "2225"]

1.d4 d5 2.c4 c6 3.Nf3 Nf6 4.g3 Bf5 5.Bg2 e6 6.O-O Nbd7 7.b3 Be7 8.Bb2 h6
9.Nbd2 O-O 10.Ne5 Nxe5 11.dxe5 Ne4 12.Nxe4 dxe4 13.e3 Qxd1 14.Rfxd1 Rfd8
15.h3 Kf8 16.Kf1 Ke8 17.Ke2 Rxd1 18.Rxd1 Rd8 19.Rxd8+ Kxd8 20.Bc3 Kc7 21.Kd2 b6
22.b4 Bf8 23.Bf1 Be7 24.Kc2 Bf8 25.Kb3 c5 26.a3 Be7 27.g4 Bg6 28.Be2 Bh4
29.bxc5 bxc5 30.Be1 Kb6 31.Bd1 f5 32.exf6 gxf6 33.Kc2 f5 34.Kd2 Be8 35.f4 Bf6
36.Kc1 Kc7 37.h4 fxg4 38.Bxg4 Kd6 39.Bg3 Ba4 40.Bh5 Bc6  1/2-1/2

[Event "Bad Woerishofen op"]
[Site "Bad Woerishofen"]
[Date "1997.??.??"]
[Round "8"]
[White "Dumitrache, Dragos"]
[Black "Roeder, Frank"]
[Result "1/2-1/2"]
[WhiteElo "2495"]
[BlackElo "2290"]

1.d4 d5 2.c4 c6 3.Nf3 Nf6 4.Qb3 Qb6 5.Nc3 Qxb3 6.axb3 Bf5 7.cxd5 Nxd5 8.Nxd5 cxd5
9.e3 Nc6 10.Bd2 f6 11.Bb5 Kd7 12.O-O e6 13.Rfc1 Bd6 14.Be2 Rhc8 15.Nh4 Bg6
16.Nxg6 hxg6 17.h4 a6 18.g3 Na7 19.Bd3 f5 20.Kg2 Rxc1 21.Rxc1 Rc8 22.Rh1 Rh8
23.g4 Ke7 24.h5 Kf6 25.hxg6 Rxh1 26.Kxh1 Kxg6 27.gxf5+ exf5 28.Be2 Kf6 29.Bf3 Ke6
30.Bh5 Nc6 31.Kg2 Nb4 32.Kf1 Nc6 33.Bc3 Bc7 34.Ke1 Na5 35.Bd1 Nc6 36.Kd2 b5
37.Kc2 g5 38.Bh5 b4 39.Be1 a5 40.Be8 Ne7 41.Bb5 g4 42.Ba6 Kd7 43.Bb7 Bh2
44.Kd1 Kc7 45.Ba6 Ng6 46.Bf1 Nh4 47.Bd3 Kd7 48.Ke2 Ke6 49.Bd2 Nf3 50.Bc1 Bc7
51.Ba6 Bd8 52.Kf1 Bg5 53.Bc8+ Kf6 54.Bb7 Ke6 55.Bc8+ Kf6 56.Bb7 Ke6  1/2-1/2

[Event "Benasque op"]
[Site "Benasque"]
[Date "1997.??.??"]
[Round "2"]
[White "Kurajica, Bojan"]
[Black "Marin Ionescu, Luiza"]
[Result "1-0"]
[WhiteElo "2545"]
[BlackElo "2220"]

1.d4 d5 2.c4 c6 3.Nf3 Nf6 4.Nbd2 Bf5 5.g3 Nbd7 6.Bg2 e6 7.O-O Bd6 8.Nh4 O-O
9.Nxf5 exf5 10.Qb3 c5 11.cxd5 cxd4 12.Nc4 Nc5 13.Qd1 Re8 14.Qxd4 Rxe2 15.Be3 b5
16.Nxd6  1-0

[Event "Benasque op"]
[Site "Benasque"]
[Date "1997.??.??"]
[Round "9"]
[White "Buckley, Graeme"]
[Black "Stefanova, Antoaneta"]
[Result "0-1"]
[WhiteElo "2320"]
[BlackElo "2410"]

1.d4 d5 2.c4 c6 3.Nf3 dxc4 4.e3 Be6 5.Nbd2 b5 6.a4 Qa5 7.Ng5 Bd7 8.Qf3 Nf6
9.e4 Bg4 10.Qf4 Bh5 11.Be2 h6 12.Nf3 Nbd7 13.O-O g5 14.Qg3 Bg6 15.Ne5 Nxe5
16.Qxe5 Qb6 17.axb5 cxb5 18.b3 Bg7 19.bxc4 O-O 20.Qxe7 Qxd4 21.Ra6 Rfe8 22.Qb4 Nd5
23.Qb3 Nf4 24.Bf3 Nd3 25.Rxg6 fxg6 26.cxb5+ Kh7 27.Ba3 Ne5 28.Qd5 Red8 29.Qxd4 Rxd4
30.Nb1 Nxf3+ 31.gxf3 Rd3 32.Bc5 Be5 33.Be3 Bf4 34.Bxf4 gxf4 35.Rc1 Kg8 36.Kg2 Rb3
37.Nd2 Rb2 38.Nf1 Rxb5 39.h4 Rb7 40.Rc6 Kh7 41.Ra6 Rb6 42.Ra5 a6 43.Nd2 Rb5
44.Ra4 Rd8 45.Ra2 a5 46.Nc4 Ra8 47.Nd6 Rc5 48.Nb7 Re5 49.Ra4 Rb5 50.Nd6 Rb4
51.Ra1 a4 52.e5 Rb6 53.Ra3 Kg7 54.Ne4 Rb3 55.Ra1 a3 56.Nc5 Rb5 57.Ne6+ Kf7
58.Nc7 Rba5 59.Nxa8 Rxa8 60.Kf1 Ke6 61.Ke2 Kxe5 62.Kd3 Kd5 63.Kc3 a2 64.Kb3 Kc5
65.Rc1+ Kb5 66.Ra1 Ra7 67.Kc3 Ra3+ 68.Kd4 Kb4 69.Ke5 g5 70.hxg5 hxg5 71.Kf6 Ra5  0-1

[Event "Berliner Sommer"]
[Site "Berlin"]
[Date "1997.??.??"]
[Round "3"]
[White "Von Herman, Ulf"]
[Black "Bagirov, Vladimir"]
[Result "1/2-1/2"]
[WhiteElo "2375"]
[BlackElo "2495"]

1.d4 d5 2.c4 dxc4 3.Nf3 c6 4.a4 e6 5.e3 b5 6.b3 Bb4+ 7.Bd2 Bxd2+ 8.Nfxd2 cxb3
9.axb5 b2 10.Ra2 Ne7 11.Qb3 Bb7 12.Rxb2 O-O 13.b6 Nd7 14.bxa7 Rxa7 15.Qc2 c5
16.dxc5 Qc7 17.Nb3 Rc8 18.Nc3 Bc6 19.Bd3 Qe5  1/2-1/2

[Event "Bled op18th"]
[Site "Bled"]
[Date "1997.??.??"]
[Round "2"]
[White "Podkriznik, Gregor"]
[Black "Golubovic, Boris"]
[Result "1-0"]
[WhiteElo "2240"]
[BlackElo "2450"]

1.Nf3 d5 2.d4 c6 3.c4 Nf6 4.Qc2 e6 5.Nbd2 Nbd7 6.g3 Bd6 7.Bg2 O-O 8.O-O Re8
9.Rd1 c5 10.e4 dxe4 11.Nxe4 Nxe4 12.Qxe4 Qc7 13.b3 cxd4 14.Nxd4 a6 15.Bb2 Nf6
16.Qc2 e5 17.Nf5 Bc5 18.Ne3 Bxe3 19.fxe3 Bd7 20.Qd2 Bc6 21.Qd6 Qxd6 22.Rxd6 Ng4
23.Rxc6 bxc6 24.Bxc6 f6 25.Re1 Rac8 26.Bxe8 Rxe8 27.h3 Nh6 28.Rd1 Nf7 29.Kg2 h5
30.b4 Rc8 31.c5 Rc7 32.Rd5 Kf8 33.a4 Ke8 34.b5 axb5 35.axb5 Ra7 36.c6 Nd8
37.b6 Ra2 38.c7  1-0

[Event "Bled op18th"]
[Site "Bled"]
[Date "1997.??.??"]
[Round "8"]
[White "Starc, Christian"]
[Black "Stojnic, Miodrag"]
[Result "1/2-1/2"]
[WhiteElo "2165"]
[BlackElo "2105"]

1.d4 d5 2.c4 c6 3.Nf3 Nf6 4.Qc2 e6 5.Nbd2 Nbd7 6.e3 Bd6 7.Bd3 O-O 8.O-O Qe7
9.e4 dxe4 10.Nxe4 Nxe4 11.Bxe4 h6 12.b3 e5 13.Bb2 exd4 14.Rfe1 Ne5 15.c5 Nxf3+
16.Bxf3 Be5 17.Bxd4 Bxh2+ 18.Kf1 Qh4 19.Re4 Qg5 20.Qc3 Bf5 21.Re2 Qg6 22.Rd1 Rfe8
23.Be3 Be5 24.Qc4 Rad8 25.Red2 Qf6 26.Rxd8 Rxd8 27.Rxd8+ Qxd8 28.Ke2 Qd7
29.a4 Be6 30.Qc2 Kf8 31.b4 Bf5 32.Qc4 Qe6 33.Qxe6 Bxe6 34.Kd3 Bb3 35.a5 a6
36.Bd4 Bxd4 37.Kxd4 Ke7 38.b5 Ba4 39.Bxc6 Kd8 40.Bxb7 Bxb5 41.Be4 f6 42.g3 Kc7
43.Bc2 Kd7 44.Bf5+ Kc6 45.Be4+ Kc7 46.Ke3 Kd7 47.Kf4 Ke6 48.Bb7 Kd7 49.Kg4 Be2+
50.Kf5 Bd3+ 51.Kf4 Bb5 52.Ke3 Kc7 53.Be4 Kd7 54.Kf4 Ke6 55.f3 h5 56.Ke3 g5
57.Kd4 h4 58.gxh4 gxh4 59.Ke3 Bc4 60.Kf4 h3 61.Kg3 Bf1 62.Bb7 Kd7 63.Kh2 Ke7
64.Bc8 Kd8 65.Bxh3 Bb5 66.Bf5 Kc7 67.Be4 Bc6 68.Kg3 Bxe4 69.fxe4 Kc6 70.Kf4 Kxc5
71.Kf5 Kd4 72.Kxf6 Kxe4 73.Ke6 Kf4 74.Kd6 Kf5 75.Kc6  1/2-1/2

[Event "NLD-chT f (Panfox-HSG)"]
[Site "Breda"]
[Date "1997.??.??"]
[Round "3"]
[White "Brenninkmeijer, Joris"]
[Black "Gurevich, Mikhail"]
[Result "0-1"]
[WhiteElo "2505"]
[BlackElo "2585"]

1.d4 d5 2.c4 c6 3.Nf3 Nf6 4.Qc2 dxc4 5.Qxc4 Bf5 6.g3 e6 7.Bg2 Nbd7 8.O-O Be7
9.Nc3 O-O 10.e3 Ne4 11.Nd2 Nxd2 12.Bxd2 e5 13.e4 exd4 14.exf5 dxc3 15.Bxc3 Bf6
16.Rad1 Qc7 17.b4 Rad8 18.Bxf6 Nxf6 19.Qc5 a6 20.a4 h6 21.h3 Rfe8 22.Rxd8 Qxd8
23.b5 Qa5 24.Rc1 Re1+ 25.Rxe1 Qxe1+ 26.Kh2 axb5 27.axb5 cxb5 28.Qxb5 Qxf2
29.Qxb7 Qxf5 30.Qf3 Qe5 31.Bf1 Qb2+ 32.Qe2 Qd4 33.Qd3 Qf2+ 34.Bg2 g6 35.Qf3 Qb2
36.Kg1 Kg7 37.Qf2 Qe5 38.Bf3 Nd7 39.Kg2 Nc5 40.Qd2 Ne6 41.Qe2 Qc5 42.h4 Nd4
43.Qe3 Qc2+ 44.Kg1 Qb1+ 45.Kh2 Qb2+ 46.Bg2 Nf5 47.Qf4 Qe2 48.Kh3 Qb2 49.Be4 Ne7
50.Bf3 Ng8 51.Bd5 Nf6 52.Bf3 Nd7 53.Qe3 Ne5 54.g4 Nc4 55.Qd3 Ne5 56.Qe3 Qb5
57.Kg3 Qb8 58.Kg2 Qd6 59.Kh3 Qf6 60.Be2 g5 61.h5 Qd6 62.Kg2 Kf6 63.Qe4 Qc6
64.Qxc6+ Nxc6 65.Bc4 Nd8 66.Kf3 Ke5 67.Ke3 f6 68.Bd3 Nc6 69.Bf5 Ne7 70.Bd7 f5
71.gxf5 Nd5+ 72.Kf3 Nf6  0-1

[Event "Buenos Aires op"]
[Site "Buenos Aires"]
[Date "1997.??.??"]
[Round "4"]
[White "Panno, Oscar"]
[Black "Roca, Alfredo"]
[Result "1-0"]
[WhiteElo "2465"]
[BlackElo "2385"]

1.d4 d5 2.c4 c6 3.Nf3 Nf6 4.Qc2 e6 5.g3 Nbd7 6.Bg2 Be7 7.O-O O-O 8.b3 b6
9.Rd1 Bb7 10.Nc3 Rc8 11.e4 b5 12.e5 Ne8 13.c5 f6 14.b4 a5 15.a3 Ra8 16.Bd2 fxe5
17.Nxe5 Nxe5 18.dxe5 Qc7 19.f4 g5 20.Ne2 Ng7 21.Nd4 gxf4 22.Bxf4 Bc8 23.Bh3 Kh8
24.Qe2 Bd7 25.Bh6 Rae8 26.Rf1 Bd8 27.Rxf8+ Rxf8 28.Bxg7+ Kxg7 29.Bxe6 Kh8
30.Rf1 Rxf1+ 31.Qxf1 Bxe6 32.Nxe6 Qe7 33.Nxd8 Qxd8 34.Qf6+ Qxf6 35.exf6 axb4
36.axb4 Kg8 37.g4 Kf7 38.g5 h6 39.h4 Ke6 40.Kf2 hxg5 41.hxg5  1-0

[Event "Goodricke op"]
[Site "Calcutta"]
[Date "1997.??.??"]
[Round "11"]
[White "Chiong, Luiz"]
[Black "Ganguly, Surya Shekhar"]
[Result "1/2-1/2"]
[WhiteElo "2390"]
[BlackElo "2265"]

1.d4 d5 2.c4 c6 3.Nf3 Nf6 4.Qc2 g6 5.Bf4 Bg7 6.e3 Bf5 7.Qb3 Qb6 8.Nc3 O-O
9.h3 Na6 10.c5 Qxb3 11.axb3 Nb4 12.Ra4 Nd3+ 13.Bxd3 Bxd3 14.Ne5 Bf5 15.g4 Be6
16.f3 Nd7 17.Nd3 f6 18.h4 Bf7 19.g5 e5 20.gxf6 exf4 21.fxg7 Rfe8 22.Nxf4 Rxe3+
23.Kf2 Re7 24.b4 b5 25.cxb6 Nxb6 26.Ra6 Rc8 27.b3 Kxg7 28.Rc1 Rcc7 29.Nd3 Be8
30.Rca1 Rb7 31.Nc5 Rbc7 32.R1a5 Kh6 33.Ra1 Kh5 34.Rh1 Kh6 35.Raa1 Kh5 36.Ne2 Nd7
37.Nf4+ Kh6 38.Nfd3 Nxc5 39.Nxc5 Kh5 40.Rag1 Kh6 41.Rg5 Rc8 42.b5 cxb5 43.Rxd5 a5
44.Ra1 a4 45.b4 Bf7 46.Rd6 Rce8 47.Ne4 Rc8 48.d5 Ra7  1/2-1/2

[Event "Cannes op-B 18th"]
[Site "Cannes"]
[Date "1997.??.??"]
[Round "1"]
[White "Todorov, Ognjan"]
[Black "Wagman, Stuart"]
[Result "1-0"]
[WhiteElo "2350"]
[BlackElo "2195"]

1.d4 d5 2.c4 c6 3.Nf3 Nf6 4.Qc2 e6 5.g3 Be7 6.Bg2 O-O 7.O-O b6 8.b3 Bb7 9.Nc3 Nbd7
10.Rd1 a5 11.e4 Nxe4 12.Nxe4 dxe4 13.Qxe4 a4 14.Bf4 Ra7 15.Qe1 Bf6 16.Ne5 Qc8
17.Ng4 axb3 18.Nxf6+ Nxf6 19.axb3 Rxa1 20.Rxa1 c5 21.dxc5 Bxg2 22.Kxg2 bxc5
23.Qe3 h6 24.Qf3 Nd7 25.Bd6 Re8 26.Ra7  1-0

[Event "Cannes op-B 18th"]
[Site "Cannes"]
[Date "1997.??.??"]
[Round "7"]
[White "Macek, Vlasta"]
[Black "Marzolo, Cyril"]
[Result "1/2-1/2"]
[WhiteElo "2230"]
[BlackElo "2280"]

1.d4 d5 2.Nf3 Nf6 3.c4 c6 4.Qc2 Nbd7 5.g3 e6 6.Bg2 Bd6 7.O-O O-O 8.Nbd2 Re8
9.e4 dxe4 10.Nxe4 Nxe4 11.Qxe4 e5 12.Bg5 f6 13.Bd2 exd4 14.Qxd4 Ne5 15.Bc3 Qc7
16.Rfe1 Be6 17.b3 Rad8 18.Qxa7 Nd3 19.Ba5 b6 20.Qxb6 Nxe1 21.Qxc7 Bxc7 22.Bxc7 Rd7
23.Ba5 Nxg2 24.Kxg2 Ra8 25.Bb6 Rb7 26.Bc5 Ra5 27.Bd4 c5 28.Bc3 Ra3 29.Bb2 Ra8
30.Nd2 Bf5 31.Nf1 Rba7 32.a4 Bc2 33.Nd2 Rd7 34.Bc1 Rad8 35.a5 Rxd2 36.Bxd2 Rxd2
37.a6 Be4+ 38.Kf1 Bf3 39.a7 Rd8 40.h3 Kf7 41.g4 Ke7 42.Kg1 Ba8 43.Kh2 Rd3
44.Ra5 Rxb3 45.Rxc5 Rb7 46.Ra5 Rc7 47.Ra4 Kd6 48.Kg3 Ke5 49.h4 Kd4 50.Kf4 Re7
51.h5 Re4+ 52.Kg3 Kc5 53.Ra6 Re7 54.h6 g6 55.Rxf6 Rxa7 56.Kf4 Kxc4 57.Kg5 Ra5+
58.Kh4 Bd5 59.f4 Kd4 60.Kg5 Be4+ 61.Kh4 g5+ 62.fxg5 Bg6 63.Rf8 Ra3 64.Rf1 Ke3
65.Rf6 Ra1 66.Kg3 Rg1+ 67.Kh3 Re1 68.Kg3 Rb1 69.Re6+ Kd4 70.Rf6 Rb3+ 71.Kh4 Ke4
72.Rf1 Rf3 73.Re1+ Re3 74.Rf1 Re2 75.Kg3 Kd3 76.Rd1+  1/2-1/2

[Event "Cappelle op"]
[Site "Cappelle la Grande"]
[Date "1997.??.??"]
[Round "1"]
[White "Raetsky, Alexander"]
[Black "Whiteley, Andrew J"]
[Result "1-0"]
[WhiteElo "2440"]
[BlackElo "2235"]

1.d4 d5 2.c4 c6 3.Nf3 Nf6 4.Qc2 e6 5.g3 Be7 6.Bg2 O-O 7.O-O Nbd7 8.Nbd2 b6
9.e4 dxe4 10.Nxe4 Bb7 11.Rd1 Rc8 12.Bf4 Nxe4 13.Qxe4 Nf6 14.Qc2 Bd6 15.Bxd6 Qxd6
16.c5 Qc7 17.Rac1 Rfd8 18.Ne5 Nd7 19.cxb6 Qxb6 20.Nc4 Qc7 21.Qa4 Nb6 22.Qxa7 Nxc4
23.Rxc4 Ra8 24.Qc5 Rxa2 25.b4 Qd7 26.Bxc6 Bxc6 27.Qxc6 Qxc6 28.Rxc6 Rb2 29.Rb6 g6
30.Rb7 Rc8 31.Rd3 Rc1+ 32.Kg2 Rcc2 33.Rf3 f5 34.h4 h5 35.b5 Kf8 36.b6 Kg8
37.Kh3 Ra2 38.Rb8+ Kg7 39.b7 Rab2 40.Rc8  1-0

[Event "Cappelle op"]
[Site "Cappelle la Grande"]
[Date "1997.??.??"]
[Round "4"]
[White "Raetsky, Alexander"]
[Black "Komarov, Dimitri"]
[Result "1-0"]
[WhiteElo "2440"]
[BlackElo "2615"]

1.d4 d5 2.c4 c6 3.Nf3 Nf6 4.Qc2 Bg4 5.Ne5 e6 6.Qb3 Qb6 7.c5 Qxb3 8.axb3 Nbd7
9.Nxg4 Nxg4 10.b4 Be7 11.f3 Ngf6 12.Nc3 e5 13.e3 O-O 14.b5 Rfe8 15.Kf2 Bf8
16.b4 g6 17.Be2 Bg7 18.Rd1 Nh5 19.bxc6 bxc6 20.g4 Nf4 21.exf4 exd4 22.Nxd5 cxd5
23.Bb5 Re7 24.Bc6 Rc8 25.Bxd5 Nf6 26.Bc4 h5 27.g5 Ne8 28.f5 gxf5 29.g6 Nf6
30.gxf7+ Kh8 31.Bf4 h4 32.Re1 Rxe1  1-0

[Event "Cappelle op"]
[Site "Cappelle la Grande"]
[Date "1997.??.??"]
[Round "5"]
[White "Dumitrache, Dragos"]
[Black "Rubene, Ilze"]
[Result "1-0"]
[WhiteElo "2495"]
[BlackElo "2170"]

1.d4 d5 2.c4 c6 3.Nf3 Nf6 4.Qb3 Qb6 5.Nc3 Qxb3 6.axb3 e6 7.Bf4 Na6 8.c5 Nh5
9.e3 Nxf4 10.exf4 Nc7 11.b4 a6 12.Bd3 Be7 13.Kd2 O-O 14.h4 Bd7 15.Na4 Rad8
16.Nb6 Bc8 17.Rae1 f5 18.Re3 Bf6 19.Kc3 Bd7 20.Ng5 Bxg5 21.hxg5 g6 22.Be2 Rf7
23.Kb3 Be8 24.Ka4 Kf8 25.Ka5 Re7 26.Reh3 Kg8 27.Na4 Rc8 28.Nc3 Rd8 29.Nb1 Na8
30.Nd2 Rb8 31.Ka4 b5+ 32.Ka5 Nc7 33.Nf3 Rb7 34.Ne5 Rb8 35.Re3 Rb7 36.Re1 Rb8
37.Bd1 Rg7 38.g4 Kf8 39.Bc2 Kg8 40.Nf3 Kf8 41.Ne5 Rb7 42.Rh1 Kg8 43.Rh6 Rb8
44.Bd3 Bd7 45.gxf5 exf5 46.Nxd7 Rxd7 47.Bxf5 gxf5 48.Rxc6 Rf8 49.Rb6 Kg7
50.Rb7 Rdf7 51.Kb6 Rc8 52.Rh3 Ne6 53.Rxh7+ Kxh7 54.Rxf7+ Kg8 55.Rxf5 Nxd4
56.Rxd5 Ne6 57.f5 Nxg5  1-0

[Event "Ceske Budejovice op"]
[Site "Ceske Budejovice"]
[Date "1997.??.??"]
[Round "4"]
[White "Matlak, Marek"]
[Black "Spesny, Jan"]
[Result "1/2-1/2"]
[WhiteElo "2445"]
[BlackElo "2280"]

1.d4 d5 2.Nf3 Nf6 3.c4 c6 4.Qc2 g6 5.Bf4 Bg7 6.e3 Be6 7.Nbd2 O-O 8.Be2 Na6
9.c5 Nc7 10.h3 Bc8 11.O-O Nd7 12.b4 Re8 13.Qb2 a5 14.a3 f6 15.Nb3 axb4 16.axb4 Rxa1
17.Rxa1 e5 18.Bg3 Ne6 19.Ra7 exd4 20.exd4 f5 21.Bd6 Ng5 22.Nxg5 Qxg5 23.Kf1 Qh4
24.Qd2 g5 25.Bg3 Qh6 26.f3 Nf8 27.Ra8 Qe6 28.Ra1 f4 29.Bf2 Qf7 30.Bd3 h5
31.Re1 Rxe1+  1/2-1/2

[Event "Chemnitz op"]
[Site "Chemnitz"]
[Date "1997.??.??"]
[Round "9"]
[White "Sandner, Gunter"]
[Black "Teske, Henrik"]
[Result "1/2-1/2"]
[WhiteElo "2315"]
[BlackElo "2515"]

1.d4 d5 2.Nf3 Nf6 3.c4 c6 4.g3 dxc4 5.Bg2 b5 6.O-O Nbd7 7.a4 Bb7 8.b3 cxb3
9.Qxb3 e6 10.axb5 Qb6 11.Nc3 cxb5 12.Qxb5 Bb4 13.Qxb6 axb6 14.Rxa8+ Bxa8
15.Bd2 Ke7 16.Rc1 Bb7 17.Ne5 Bxg2 18.Kxg2 Bxc3 19.Rxc3 Nd5 20.Ra3 Nxe5 21.dxe5 Rc8  1/2-1/2

[Event "Chemnitz op"]
[Site "Chemnitz"]
[Date "1997.??.??"]
[Round "9"]
[White "Helbig, Jan"]
[Black "Boehnisch, Manfred"]
[Result "0-1"]
[WhiteElo "2180"]
[BlackElo "2315"]

1.d4 d5 2.Nf3 Nf6 3.c4 c6 4.Qc2 g6 5.Bf4 Bf5 6.Qb3 Qb6 7.e3 Nbd7 8.h3 Ne4
9.Nc3 Nxc3 10.bxc3 Bg7 11.Be2 f6 12.O-O O-O 13.Rfc1 e5 14.Bg3 Be6 15.cxd5 Bxd5
16.Qa3 Rfe8 17.Rab1 Qc7 18.c4 Bf7 19.Qb3 b6 20.dxe5 fxe5 21.Ng5 Nc5 22.Qc2 Rad8
23.Rd1 Qe7 24.Nxf7 Qxf7 25.Rxd8 Rxd8 26.Rd1 Rxd1+ 27.Qxd1 Ne4 28.Qd8+ Qf8
29.Qxf8+ Kxf8 30.Bf3 Nc3 31.a3 Ke7 32.Bxc6 Kd6 33.Be8 Nb1 34.a4 Kc5 35.f4 e4
36.Kf2 Kxc4 37.Bh4 Nc3 38.Bd7 a6 39.g4 Kd3 40.f5 gxf5 41.gxf5 Nd5 42.Bd8 Bh6
43.f6 Bxe3+ 44.Kf1 Bd4 45.f7 Bc5 46.Bg4 h6 47.Bc8 a5 48.Bb7 e3 49.Ba6+ Kd2
50.Bc4 e2+ 51.Bxe2 Ne3+ 52.Kf2 Nf5+ 53.Kf1 Ne3+ 54.Kf2 Nf5+ 55.Kf3 Nd4+ 56.Ke4 Ne6
57.Bf6 Kxe2 58.Kd5 Nf8 59.Bd4 Bxd4 60.Kxd4 Kf3 61.Ke5 Kg3 62.Kf6 h5  0-1

[Event "KS Sommerskak op"]
[Site "Copenhagen"]
[Date "1997.??.??"]
[Round "?"]
[White "Danielsen, Henrik"]
[Black "Hellsten, Johan"]
[Result "1/2-1/2"]
[WhiteElo "2490"]
[BlackElo "2485"]

1.d4 d5 2.c4 c6 3.Nf3 Nf6 4.Qb3 dxc4 5.Qxc4 Bf5 6.g3 e6 7.Bg2 Nbd7 8.Nc3 Be7
9.O-O O-O 10.e3 Ne4 11.Qe2 Nxc3 12.bxc3 Be4 13.c4 c5 14.Bb2 Bf6 15.Rfd1 Qc7
16.Bf1 Rad8 17.Nd2 Bc2 18.Rdc1 Bg6 19.Nb3 e5 20.dxc5 Nxc5 21.Nxc5 Qxc5 22.Bg2 Rd6
23.Bd5 e4 24.a4 Qc8 25.Ba3 Bxa1 26.Bxd6 Rd8 27.Rxa1 Rxd6 28.Qb2 b6 29.Qe5 Rf6
30.Rd1 h6 31.Rd2 a5 32.h4 Qg4 33.Bc6 Kh7 34.Bd7 Qf3 35.c5 bxc5 36.Qxc5 Bf5
37.Qc2 Bxd7 38.Rxd7 Qf5 39.Rd4 Re6 40.Qc8 Qe5 41.Qc4 Qf5 42.Rd5 Qf3 43.Rxa5 g5
44.hxg5 hxg5 45.Ra6 Qd1+ 46.Kg2 Qf3+ 47.Kg1 Qd1+  1/2-1/2

[Event "Cseppko op"]
[Site "Cseppko"]
[Date "1997.??.??"]
[Round "4"]
[White "Bagonyai, Attila"]
[Black "Kiss, Pal"]
[Result "1/2-1/2"]
[WhiteElo "2290"]
[BlackElo "2450"]

1.Nf3 Nf6 2.c4 c6 3.d4 d5 4.Qc2 dxc4 5.Qxc4 Bf5 6.Nc3 e6 7.Bg5 Qb6 8.Qb3 Nbd7
9.Qxb6 axb6 10.Nd2 Bb4 11.f3 h6 12.Bxf6 Nxf6 13.e4 Bg6 14.Nc4 b5 15.Ne3 Ke7
16.Nc2 Ba5 17.b4 Bb6 18.O-O-O Rhd8 19.Be2 Ne8 20.Rhe1 f6 21.f4 Bf7 22.e5 f5
23.h4 g5 24.hxg5 hxg5 25.fxg5 Nc7 26.Bf3 Rg8 27.Rh1 Rxg5 28.Rh4 Bg6 29.Kb2 Rd8
30.Na1 Ne8 31.Nb3 Ng7 32.Rdh1 Ne8  1/2-1/2

[Event "CZE-chT1c 9697"]
[Site "CZE"]
[Date "1997.??.??"]
[Round "?"]
[White "Tupy, Martin"]
[Black "Vavra, Pavel"]
[Result "1-0"]
[WhiteElo "2215"]
[BlackElo "2390"]

1.d4 d5 2.c4 c6 3.Nf3 dxc4 4.a4 e6 5.Nc3 Bb4 6.e4 Nf6 7.Qc2 b5 8.Be2 Bb7
9.O-O a6 10.Rd1 Nbd7 11.e5 Nd5 12.Ne4 h6 13.Bd2 Be7 14.b3 cxb3 15.Qxb3 O-O
16.Bd3 b4 17.Rac1 Qb6 18.Bb1 a5 19.Be3 Rfd8 20.Nfd2 Nf8 21.Nc4 Qc7 22.Bd2 f5
23.exf6 Nxf6 24.Be3 Ng4 25.g3 Rd5 26.Bf4 Qd8 27.Qf3 Nf6 28.Ne3 Rxd4 29.Rxd4 Qxd4
30.Rd1 Qb2 31.Nc4 Qa1 32.Be5 Qxa4 33.Nb6 Qa3 34.Qxa3 bxa3 35.Nxa8 Bxa8 36.Nd6 c5
37.Ba2 Nd5 38.Nc4 Nb4 39.Bb3 Bf3 40.Ra1  1-0

[Event "CZE-chT1b 9697"]
[Site "CZE"]
[Date "1997.??.??"]
[Round "?"]
[White "Vacek, Martin"]
[Black "Smajzr, Martin"]
[Result "1-0"]
[WhiteElo "2235"]
[BlackElo "2140"]

1.d4 d5 2.c4 c6 3.Nf3 dxc4 4.Nc3 Bf5 5.e4 Bg4 6.Bxc4 e6 7.Qb3 Qb6 8.Ne5 Qxb3
9.Bxb3 Nf6 10.f3 Bh5 11.g4 Bg6 12.h4 Bb4 13.h5 Bxe4 14.fxe4 Nxe4 15.a3 Bxc3+
16.bxc3 Nxc3 17.h6 g6 18.Rf1 Rf8 19.a4 Nd5 20.Bxd5 cxd5 21.Ba3 Rh8 22.Rb1 Nc6
23.Nxf7 Rg8 24.Nd6+ Kd8 25.Nxb7+ Kc8 26.Rf7  1-0

[Event "CZE-chT1b 9697"]
[Site "CZE"]
[Date "1997.??.??"]
[Round "?"]
[White "Dusek, Martin"]
[Black "Hajek, Jiri"]
[Result "0-1"]
[WhiteElo "2060"]
[BlackElo "2200"]

1.Nf3 Nf6 2.d4 d5 3.c4 c6 4.g3 Bf5 5.Nc3 e6 6.Bg2 Bd6 7.O-O Nbd7 8.Nd2 O-O
9.e4 dxe4 10.Ndxe4 Nxe4 11.Nxe4 Nf6 12.Nxd6 Qxd6 13.Bf4 Qb4 14.Qb3 Qxb3 15.axb3 Rfd8
16.Rfd1 Bc2 17.Rdc1 Be4 18.Bxe4 Nxe4 19.Rd1 Rd7 20.f3 Nf6 21.Kf2 a6 22.Rd2 Rad8
23.Rad1 Ne8 24.g4 f6 25.h4 Kf7 26.Ke2 Nc7 27.Be3 Ne8 28.Kd3 Nd6 29.Kc2 g6
30.Bf4 Ne8 31.Kc3 Ng7 32.Kb4 h5 33.Kc3 hxg4 34.fxg4 Rh8 35.Rf1 Rxh4 36.Bg5 Rh3+
37.Kc2 f5 38.gxf5 Nxf5 39.Rff2 Kg7 40.Bf4 Kf7 41.Be5 Ke8 42.Kb1 Rdh7 43.Ka2 Re3
44.Rh2 Rhh3 45.Rdg2 Kf7 46.Rxh3 Rxh3 47.Ka3 Rh4 48.Rf2 g5 49.d5 cxd5 50.cxd5 Ke7
51.b4 Re4 52.Bc3 g4 53.b5 g3 54.Rg2 exd5  0-1